000
00270 a2200121 4500
001
85696
090
_c
40160
_d
40159
100
_a
AHQ DOS
245
_a
Service Writing and Staf Studies, AFM 10-1 V-II
250
_a
Vol-II
260
_a
AHQ PAF Press
_b
DOS
300
_a
53P.
942
_a
CAE NUST
_c
CFT
999
_c
320769
_d
320769